| 000 | 00823nam a22002177a 4500 | ||
|---|---|---|---|
| 999 |
_c11294 _d11294 |
||
| 003 | AR-CdUCM | ||
| 008 | 190403b ||||| |||| 00| 0 spa d | ||
| 040 |
_aMUNICIPALIDAD PROVINCIAL DEL CUSCO _cBIBLIOTECA MUNICIPAL DEL CUSCO |
||
| 082 |
_a630 / _bK62 / 1944 |
||
| 100 |
_aKlinge, Gerardo _928593 |
||
| 245 | _aLa agricultura de la costa y la situación alimenticia / | ||
| 260 |
_aLima : _bLa prensa, _c1944. |
||
| 300 |
_a76 páginas ; _c25 cm. |
||
| 440 |
_aSociedad nacional de agraria _928594 |
||
| 505 | _aContenido : Agricultura de exportación y agricultura de consumo -- Significado de las importaciones alimenticias -- Evolución y desarrollo de la agricultura de la costa ... | ||
| 650 |
_aAgricultura _9320 |
||
| 650 |
_aCosta _928595 |
||
| 650 |
_aPerú _92178 |
||
| 942 |
_2ddc _cLIBROS |
||
| 945 | _arah | ||